000 00699nam a2200181Ia 4500
008 100921s9999 xx 000 0 und d
082 _b31790
_a954 थ 99
100 _aकुलकर्णी प्रि.खं.
245 _aएक अस्वस्थ हिंदु मन.
260 _bराजहंस प्रकाशन, पुणे.
_c1999
300 _a160
_bरसिक साहित्य,पुणे
365 _b100
520 _aइतिहास-भारत.
630 _aएक अस्वस्थ हिंदु मन.
650 _aइतिहास-भारत.
730 _aएक अस्वस्थ हिंदु मन.
942 _cBOOK
999 _c780903
_d780900